<?xml version="1.0" encoding="UTF-8"?>
<record
    xmlns:xsi="http://www.w3.org/2001/XMLSchema-instance"
    xsi:schemaLocation="http://www.loc.gov/MARC21/slim http://www.loc.gov/standards/marcxml/schema/MARC21slim.xsd"
    xmlns="http://www.loc.gov/MARC21/slim">

  <leader>01546    a2200229   4500</leader>
  <controlfield tag="003">NUST</controlfield>
  <controlfield tag="005">20230102175946.0</controlfield>
  <datafield tag="010" ind1=" " ind2=" ">
    <subfield code="a">   75017565</subfield>
  </datafield>
  <datafield tag="020" ind1=" " ind2=" ">
    <subfield code="a">0139653279</subfield>
  </datafield>
  <datafield tag="040" ind1=" " ind2=" ">
    <subfield code="c">Nust</subfield>
  </datafield>
  <datafield tag="082" ind1="0" ind2="0">
    <subfield code="a">372.13,ING</subfield>
  </datafield>
  <datafield tag="100" ind1="1" ind2=" ">
    <subfield code="a">Ingram, Barbara Kilroy,</subfield>
    <subfield code="9">106663</subfield>
  </datafield>
  <datafield tag="245" ind1="1" ind2="4">
    <subfield code="a">The workshop approach to classroom interest centers :</subfield>
    <subfield code="b">a teacher's handbook of learning games and activities /</subfield>
    <subfield code="c">Barbara Kilroy Ingram, Nancy Riggs Jones, Marlene LeButt ; illustrated by Barbara Kilroy Ingram.</subfield>
  </datafield>
  <datafield tag="260" ind1=" " ind2=" ">
    <subfield code="a">West Nyack, N.Y. :</subfield>
    <subfield code="b">Parker Pub. Co.,</subfield>
    <subfield code="c">[1975]</subfield>
  </datafield>
  <datafield tag="300" ind1=" " ind2=" ">
    <subfield code="a">227 p. :</subfield>
    <subfield code="b">ill. ;</subfield>
    <subfield code="c">24 cm.</subfield>
  </datafield>
  <datafield tag="505" ind1=" " ind2=" ">
    <subfield code="a">Establishing the Model Workshop (Page-21), Individualizing the Basic Operations Through the Math Shop (Page-34),  Combining Penmanship and Creative Artistry in the Hand art Shop (Page-57), self-Discovery in the Science  Shop (Page-74), The Reading Shop for Enjoyment and Enlightenment (Page-88), Stimulating the Mind Through the Creative Writing Shop (Page-101), Developing Vocabulary in The Spelling Shop (Page-116), Sight and Sound Experiences Through the A.V.Shop (Page-128), Becoming A Ware of the World in the Social Studies Shop (Page-142), Developing Study Units for the Health Shop (Page-169), Expressing yourself Correctly in the Language Shop (Page-187), Interest Centers the Workshop Way (Page-212). </subfield>
  </datafield>
  <datafield tag="650" ind1=" " ind2="0">
    <subfield code="a">Creative activities and seat work.</subfield>
    <subfield code="9">106664</subfield>
  </datafield>
  <datafield tag="650" ind1=" " ind2="0">
    <subfield code="a">Educational games.</subfield>
    <subfield code="9">106665</subfield>
  </datafield>
  <datafield tag="700" ind1="1" ind2=" ">
    <subfield code="a">Jones, Nancy Riggs,</subfield>
    <subfield code="d">1950-</subfield>
    <subfield code="9">106666</subfield>
  </datafield>
  <datafield tag="700" ind1="1" ind2=" ">
    <subfield code="a">LeButt, Marlene,</subfield>
    <subfield code="d">1948-</subfield>
    <subfield code="9">106667</subfield>
  </datafield>
  <datafield tag="942" ind1=" " ind2=" ">
    <subfield code="2">ddc</subfield>
    <subfield code="c">BK</subfield>
    <subfield code="k">372.13,ING</subfield>
  </datafield>
  <datafield tag="999" ind1=" " ind2=" ">
    <subfield code="c">185875</subfield>
    <subfield code="d">185875</subfield>
  </datafield>
  <datafield tag="952" ind1=" " ind2=" ">
    <subfield code="0">0</subfield>
    <subfield code="1">0</subfield>
    <subfield code="2">ddc</subfield>
    <subfield code="4">0</subfield>
    <subfield code="7">0</subfield>
    <subfield code="a">MCS</subfield>
    <subfield code="b">MCS</subfield>
    <subfield code="c">GEN</subfield>
    <subfield code="d">2016-12-12</subfield>
    <subfield code="o">372.13,ING</subfield>
    <subfield code="p">MCS20683</subfield>
    <subfield code="r">2016-12-08</subfield>
    <subfield code="w">2016-12-12</subfield>
    <subfield code="y">BK</subfield>
    <subfield code="z">Almirah No.54, Shelf No.3</subfield>
  </datafield>
</record>
